Analysis and behavior of structures
Uloženo v:
| Hlavní autor: | |
|---|---|
| Médium: | Kniha |
| Jazyk: | Undetermined |
| Vydáno: |
Upper Saddle River, New Jersey
Prentice-Hall
1996
|
| Témata: | |
| Tagy: |
Přidat tag
Žádné tagy, Buďte první, kdo otaguje tento záznam!
|
| Thư viện lưu trữ: | Trung tâm Học liệu Trường Đại học Cần Thơ |
|---|
| LEADER | 00568nam a2200193Ia 4500 | ||
|---|---|---|---|
| 001 | CTU_27301 | ||
| 008 | 210402s9999 xx 000 0 und d | ||
| 020 | |b 116.42Dfl | ||
| 082 | |a 624.171 | ||
| 082 | |b R838 | ||
| 100 | |a Edwin C Rossow | ||
| 245 | 0 | |a Analysis and behavior of structures | |
| 245 | 0 | |c Edwin C Rossow | |
| 260 | |a Upper Saddle River, New Jersey | ||
| 260 | |b Prentice-Hall | ||
| 260 | |c 1996 | ||
| 650 | |a structural analysis ( engineering ),structural dynamics | ||
| 904 | |i Minh, 981215 | ||
| 980 | |a Trung tâm Học liệu Trường Đại học Cần Thơ | ||